000 01611nam a2200277Ia 4500
003 Ost
005 20260507075448.0
008 260507s9999||||xx |||||||||||||| ||und||
020 _a1033422977
040 _cfsecg
041 _aara
082 _a336.3
100 _aحمدي، عبد العظيم
_eمؤلف
245 0 _aالسياسات المالية والنقدية :
_bدراسة مقارنة بين الفكر الوضعى والفكر الاسلامي /
_c عبد العظيم حمدي
260 _aالاسكندرية:
_bالدار الجامعية,
_c2007
300 _a453 صفحة؛
_bإيضاحات ؛
_c24 سم
504 _aبيبليوغرافيا ص.439
520 _aيحتوي الكتاب على المحاور التالية:السياسة المالية و النقدية: نشأة الفكر النقدي ، الفكر النقدي الحديث ، الفكر النقدي الحديث وتغييرات سعر الصرف ، السياسة المالية بين الماضي و الحاضر: نشأة السياسة المالية ، السياسة المالية في الوقت الحاضر ، الجدل بين أنصار السياية المالية وأنصار السياسة النقدية ، السياسة النقدية والمالية في الإسلام
653 _aالسودان - السياسات المالية
653 _aالسياسات الضريبية
653 _aالسياسة مالية
653 _aالسياسة نقدية
653 _aالفكر اسلامي
653 _aالمالية العامة -- مصر
942 _cكتاب
999 _c44603
_d44603